| 000 | 01037nam a2200289 i 4500 | ||
|---|---|---|---|
| 001 | 18075 | ||
| 003 | KOSZ 005 | ||
| 005 | 20190820141842.0 | ||
| 008 | 020718s1978 pl a e |001 0 pol | ||
| 015 | _aPB 1978/9759 | ||
| 035 | _a(OCoLC)751193128 | ||
| 040 |
_aWA N _cWA N _dKOSZ 005/HR |
||
| 080 | _a811.162.1 | ||
| 080 | _a(03) | ||
| 245 | 0 | 0 |
_aEncyklopedia wiedzy o języku polskim / _cpod red. Stanisława Urbańczyka ; oprac. Marian Kucała [et al.]. |
| 260 |
_aWrocław : _bZakład Narodowy im. Ossolińskich, _c1978. |
||
| 300 |
_a449, [3] s., [16] k. tabl. : _bil., mapy, portr., tab., wykr., err. ; _c25 cm. |
||
| 380 | _aKsiążki | ||
| 504 | _aBibliogr. Indeks. | ||
| 658 | _aJęzykoznawstwo | ||
| 655 | 4 | _aEncyklopedia | |
| 650 | 4 | _aJęzyk polski | |
| 700 | 1 |
_aUrbańczyk, Stanisław _d(1909-2001). _eRedakcja |
|
| 700 | 1 |
_aKucała, Marian _d(1927-2014). _eAutor |
|
| 856 |
_uhttp://koha.tu.koszalin.pl/cgi-bin/koha/opac-detail.pl?biblionumber=18075 _yKatalog online BPK |
||
| 942 |
_2UKD _cKS |
||
| 999 |
_c18075 _d18075 |
||